000 01760nam a2200493 i 4500
001 7616
003 KOSZ 005
005 20200701112523.0
008 200421s1973 pl a f f 001 0 pol
015 _aPB 1973/10895
035 _a991034837119705066
035 _a(PL-WaBN)b19373739-48omnis_nlop
035 _ab19373739
035 _a(OCoLC)749874496
035 _a(PL)b0000001937373
035 _a(EXLNZ-48OMNIS_NETWORK)9910248965505606
040 _aWA N
_cWA N
_dKOSZ 005/HR
_dKOSZ 005/RW
046 _k1973
080 _a621.7.08
080 _a531.7
080 _a(07)
245 0 0 _aPoradnik metrologa warsztatowego :
_bpraca zbiorowa /
_c[autorzy Jan Bek et al.].
250 _aWydanie 2 całkowicie przerobione.
260 _aWarszawa :
_bWydawnictwa Naukowo-Techniczne,
_c1973.
300 _aXII, 912, [3] stron, [1] karta tablic :
_bilustracje ;
_c22 cm.
336 _aTekst
_btxt
_2rdacontent
337 _aBezurządzenia pośredniczącego
_bn
_2rdamedia
338 _aWolumin
_bnc
_2rdacarrier
380 _aKsiążki
380 _aPublikacje fachowe
388 _a1901-2000
388 _a1945-1989
504 _aBibliografia przy rozdziałach. Indeks.
521 8 _aPrzeznaczona dla techników i inżynierów konstruktorów, technologów, metrologów oraz dla studentów wydziałów mechanicznych.
650 7 _aPomiary
_2DBN
650 7 _aKontrola techniczna
_2DBN
655 7 _aPoradnik
_2DBN
658 _aInżynieria i technika
700 1 _aBek, Jan
_d(1932-2000)
_eAutor
710 2 _aWydawnictwa Naukowo-Techniczne
_4pbl
856 _uhttp://koha.tu.koszalin.pl/cgi-bin/koha/opac-detail.pl?biblionumber=7616
_yKatalog online BPK
942 _2UKD
_cKS
999 _c7616
_d7616